000 00209nam a22000857a 4500
008 170130b xxu||||| |||| 00| 0 eng d
100 _92657
_aBraithwaite.E.R.
245 _aTo sir with Love
260 _aNew York
_c1987
999 _c5813
_d5813